Music Quiz

Random Music Quiz

Who Wants to Be a Millionaire: Music Edition Quiz Stats

 Plays Quiz not verified by Sporcle

Challenge
Share
Tweet
Embed
Score 0/15 Timer 07:00
0 Plays Today
Question Answer % Correct
????
100%
????
82.5%
????
71.8%
????
69.8%
????
66.5%
????
61%
????
56.7%
????
56%
Question Answer % Correct
????
51.4%
????
50.4%
????
46.6%
????
38.6%
????
24.9%
????
23.8%
????
19%

You're not logged in!

Compare scores with friends on all Sporcle quizzes.
OR
Log In

You Might Also Like...

Show Comments

Extras

Created Mar 25, 2011ReportNominate
Tags:earned, edition, millionaire, money

Top Quizzes Today


Score Distribution

Your Account Isn't Verified!

In order to create a playlist on Sporcle, you need to verify the email address you used during registration. Go to your Sporcle Settings to finish the process.

Report this User

Report this user for behavior that violates our Community Guidelines.

Details: